000 00860cab a2200325 4500
001 X1440
008 090401t1994 xxu||||| |||| 00| 0 eng d
035 _a(Sirsi) u17119
041 _aeng
245 _aBuilding Regulations determinations
260 _c1994
350 _a0
490 _aCSM (Chartered Surveyor Monthly)
_v3(7) April 1994, 37(1)
650 _aBUILDING REGULATIONS AND CONTROL SKILLS PANEL
650 _aBUILDING REGULATIONS
_96224
650 _aCONSERVATORY EXTENSION
650 _aDISABLED
650 _aENERGY CONSERVATION
650 _aFACTORIES
650 _aLOFT CONVERSIONS
650 _aPART B
650 _aPART L
650 _aPART M
650 _aSHOPPING CENTRES
650 _aSKILLS PANELS
650 _aTOILETS
690 _aBUILDING AND CONSTRUCTION-REGULATIONS
942 _n0
948 _c04/03/1997
999 _c11348
_d11348